| 000 | 00471pab a2200157 454500 | ||
|---|---|---|---|
| 008 | 180718b2002 xxu||||| |||| 00| 0 eng d | ||
| 100 | _aHurn, A.S. | ||
| 245 | _aOn the specification of the drift and diffusion functions for continuous-time models of the spot interest rate | ||
| 260 | _c2002 | ||
| 300 | _ap.547-64. | ||
| 362 | _aDec | ||
| 650 | _aInterest rates | ||
| 700 | _aLindsay, K.A. | ||
| 773 | _aOxford Bulletin of Economics and Statistics | ||
| 909 | _a55092 | ||
| 999 |
_c55092 _d55092 |
||